000 00419nam a22001697a 4500
003 koha_MIRAKIL
005 20231213095701.0
008 231213b |||||||| |||| 00| 0 ||| d
040 _aTR-IsEVY
_btur
_cTR-IsEVY
082 _a420 ADL/C
100 _aADLER, DAVID A.
245 0 _aCAM JANSEN THE MYSTERY OF THE DINOSAUR BONES.
260 _bPuffin,
300 _a56.
650 _aİngiliz Dili.
942 _2ddc
_cBK
999 _c7712
_d7712